|
|
|
|
| LEADER |
00000nab a2200000 a 4500 |
| 001 |
vtls011103861 |
| 003 |
SK-MaSNL |
| 005 |
20260304010527.0 |
| 008 |
230222|2002 xo |||||||||||||||||slo| |
| 015 |
|
|
|a SNBRB
|
| 035 |
|
|
|a (uuid)43a71db2-0970-4556-b501-945ab5a4868a
|
| 035 |
|
|
|a (urnnbn)urn:nbn:sk:snk:ar-a084yd
|
| 035 |
|
|
|a urn:nbn:sk:snk-ab9ag6
|
| 040 |
|
|
|a SNKBUCL
|b slo
|c SNKBUCL
|e AACR2
|
| 041 |
0 |
|
|a slo
|
| 044 |
|
|
|a xo
|c SK
|
| 100 |
1 |
|
|a Furdíková, Katarína,
|d 1978-
|4 aut
|9 248740
|
| 245 |
1 |
0 |
|a Kvasinky slovenskej tokajskej vinohradníckej oblasti :
|b 2. časť - Technologické vlastnosti izolátov
|c Katarína Furdíková, Zoltán Dömény, Ľudmila Krištofíková, Fedor Malík
|
| 700 |
1 |
|
|a Dömény, Zoltán
|4 aut
|9 897475
|
| 700 |
1 |
|
|a Krištofíková, Ľudmila
|4 aut
|9 888760
|
| 700 |
1 |
|
|a Malík, Fedor,
|d 1945-
|4 aut
|9 98396
|
| 773 |
0 |
|
|t Vinič a víno : odborný časopis pre vinohradníkov a vinárov
|g Roč. 2, č. 1 (2002), s. [12b]-[12e]
|
| 954 |
|
|
|a odborná, vedecká literatúra pôvodná (slovenská)
|2 lita
|
| 958 |
|
|
|a OND
|
| 958 |
|
|
|a EUIPO
|
| 958 |
|
|
|a article13
|
| 999 |
|
|
|c 2561313
|d 2563243
|